<?xml version="1.0" encoding="UTF-8"?>
<marc:record xmlns:marc="http://www.loc.gov/MARC21/slim">
   <marc:leader>00000nam a2200000 a 4500</marc:leader>
   <marc:datafield ind1="1" ind2=" " tag="100">
      <marc:subfield code="a">Heitz, Markus</marc:subfield>
      <marc:subfield code="4">aut</marc:subfield>
      <marc:subfield code="e">Verfasser/-in</marc:subfield>
   </marc:datafield>
   <marc:datafield ind1="0" ind2="0" tag="245">
      <marc:subfield code="a">Der Tannenbaum des Todes</marc:subfield>
   </marc:datafield>
   <marc:datafield ind1="0" ind2="0" tag="245">
      <marc:subfield code="b">Mehr als 24 schwarzhumorige Weihnachtsgeschichten</marc:subfield>
   </marc:datafield>
   <marc:datafield ind1="0" ind2="0" tag="245">
      <marc:subfield code="c">Heitz, Markus</marc:subfield>
   </marc:datafield>
   <marc:datafield ind1=" " ind2="1" tag="264">
      <marc:subfield code="a">München</marc:subfield>
      <marc:subfield code="b">Knaur</marc:subfield>
      <marc:subfield code="c">2019</marc:subfield>
   </marc:datafield>
   <marc:datafield ind1=" " ind2=" " tag="250">
      <marc:subfield code="a">Originalausgabe</marc:subfield>
   </marc:datafield>
   <marc:datafield ind1="1" ind2=" " tag="520">
      <marc:subfield code="a">Angaben aus der Verlagsmeldung

Der Tannenbaum des Todes : Mehr als 24 schwarzhumorige Weihnachtsgeschichten Heitz, Der Tannenbaum des Todes / von Markus Heitz

Geschenkejagd, ein Rentierschlitten mit Startproblemen und verfluchte Christbaumkugeln
– mehr als 24 schaurig-schöne Kurzgeschichten für ein rabenschwarzes Fest der Liebe

Bestsellerautor Markus Heitz erzählt in dieser ganz besonderen Weihnachts-Anthologie von einem Mädchen, das nicht nur den Nikolaus das Fürchten lehrt, weil sie statt dem gewünschten X-Mas-House-Of-Horror einen rosafarbenen Pullover bekommt, vom Treiben der Unheiligen drei Könige oder dem egoistischen Weihnachts-Muffel Quentin, dem eine Kita-Theater-Truppe mit einer ganz besonderen Vorstellung die Ehrfurcht vor dem Fest einbläut. In "Der Tannenbaum des Todes" wird das Beste aus zehn Jahren eines einmaligen Weihnachts-Live-Events erstmals in einem Buch versammelt!

Von bitter-böse über gruselig bis fies &amp; witzig: Mit diesen Weihnachts-Kurzgeschichten von Bestsellerautor Markus Heitz werden nicht nur Fantasy-Fans ihren Spaß haben, sondern alle, die zum Fest mal eine Pause von allzu viel Besinnlichkeit brauchen. Aber sagen Sie nicht, wir hätten Sie nicht gewarnt!
</marc:subfield>
   </marc:datafield>
   <marc:datafield ind1=" " ind2=" " tag="020">
      <marc:subfield code="a">9783426524343</marc:subfield>
      <marc:subfield code="9">9783426524343</marc:subfield>
   </marc:datafield>
   <marc:datafield ind1=" " ind2=" " tag="020">
      <marc:subfield code="a">3426524341</marc:subfield>
      <marc:subfield code="9">3426524341</marc:subfield>
   </marc:datafield>
   <marc:datafield ind1=" " ind2=" " tag="041">
      <marc:subfield code="a">ger</marc:subfield>
   </marc:datafield>
   <marc:datafield ind1=" " ind2=" " tag="300">
      <marc:subfield code="a">272 Seiten</marc:subfield>
   </marc:datafield>
</marc:record>
